Madurez para la lectura
Saved in:
| Main Authors: | , |
|---|---|
| Format: | Bog |
| Sprog: | spansk |
| Udgivet: |
Buenos Aires
Kapelusz
1974
|
| Serier: | Biblioteca de cultura pedagógica
|
| Fag: | |
| Tags: |
Tilføj Tag
Ingen Tags, Vær først til at tagge denne postø!
|
MARC
| LEADER | 00000nam a2200000 a 4500 | ||
|---|---|---|---|
| 001 | UCZ0746 | ||
| 003 | CL-VaPUC | ||
| 008 | 950809e19740700AG |||||||||||||||||spa|d | ||
| 082 | 0 | 4 | |a 372.414 |b DOW |2 21 |
| 100 | 0 | |a Downing, John |e author |9 343933 | |
| 700 | 0 | |a Thackray, Derek V |e author |9 343934 | |
| 245 | 1 | 0 | |a Madurez para la lectura |
| 300 | |a 126 p | ||
| 942 | |c BK | ||
| 945 | |d 19950809 00:00:00 |a cmena | ||
| 260 | |a Buenos Aires |b Kapelusz |c 1974 | ||
| 650 | 0 | |a Lectura |9 307634 | |
| 650 | 0 | |a Enseñanza de la lectura |9 308364 | |
| 650 | 7 | |a MADUREZ PARA EL APRENDIZAJE |2 CL-VaPUC |9 343935 | |
| 650 | 7 | |a MADUREZ PARA LA LECTURA |2 CL-VaPUC |9 343936 | |
| 650 | 0 | |a Aprendizaje |9 254827 | |
| 583 | |a last modification |c 19950809 00:00:00 |k Rodrigo Vera | ||
| 490 | 0 | |a Biblioteca de cultura pedagógica | |
| 999 | |c 237653 |d 237651 | ||
| 952 | |0 0 |1 0 |4 0 |6 372_414000000000000_DOW_1974 |7 0 |8 P |9 247135 |a BIBEDU |b BIBEDU |c BIBEDU_PB |d 2019-11-18 |i 1554247 |o 372.414 DOW 1974 |p 1554247 |r 2024-01-25 |w 2019-11-18 |y BK |k EDU | ||
| 952 | |0 0 |1 0 |4 0 |6 372_414000000000000_DOW_1974 |7 0 |8 P |9 247136 |a BIBEDU |b BIBEDU |c BIBEDU_PB |d 2019-11-18 |i 1554255 |o 372.414 DOW 1974 |p 1554255 |r 2024-01-25 |w 2019-11-18 |y BK |k EDU | ||
| 952 | |0 0 |1 0 |4 0 |6 372_414000000000000_DOW_1974 |7 0 |8 P |9 247137 |a BIBEDU |b BIBEDU |c BIBEDU_PB |d 2019-11-18 |i 1554263 |o 372.414 DOW 1974 |p 1554263 |r 2024-01-25 |w 2019-11-18 |y BK |k EDU | ||
| 952 | |0 0 |1 0 |4 0 |6 372_414000000000000_DOW_1974 |7 0 |8 P |9 247138 |a BIBEDU |b BIBEDU |c BIBEDU_PB |d 2019-11-18 |i 1554271 |o 372.414 DOW 1974 |p 1554271 |r 2024-01-25 |w 2019-11-18 |y BK |k EDU | ||
| 952 | |0 0 |1 0 |4 0 |6 372_414000000000000_DOW_1974 |7 0 |8 P |9 247139 |a BIBEDU |b BIBEDU |c BIBEDU_PB |d 2019-11-18 |i 155428K |o 372.414 DOW 1974 |p 155428K |r 2024-01-25 |w 2019-11-18 |y BK |k EDU | ||
| 952 | |0 0 |1 0 |4 0 |6 372_414000000000000_DOW_1974 |7 0 |8 A |9 247140 |a FDOPOS |b FDOPOS |d 2019-11-18 |i 1471198 |o 372.414 DOW 1974 |p 1471198 |r 2025-01-22 |w 2019-11-18 |y BK |k MLA | ||